书目信息 |
| 题名: |
生灭过程与马尔科夫链
|
|
| 作者: | 王梓坤 著 | |
| 分册: | ||
| 出版信息: | 北京 科学出版社 1980 |
|
| 页数: | 294页 | |
| 开本: | 21cm | |
| 丛书名: | ||
| 单 册: | ||
| 中图分类: | O211.62 | |
| 科图分类: | ||
| 主题词: | 生灭过程 , 马尔柯夫链 | |
| 电子资源: | ||
| ISBN: | ||
| 000 | 00687nam0 2200253 45 | |
| 001 | 0180005248 | |
| 005 | 20060727175837.68 | |
| 010 | @dCNY2.00@b精装 | |
| 091 | @a13031.1068 | |
| 100 | @a19950415d1980 em y0chiy0121 ea | |
| 101 | 0 | @achi |
| 102 | @aCN@b110000 | |
| 105 | @ay z 000yy | |
| 200 | 10 | @a生灭过程与马尔科夫链@Asheng mie guo cheng yu ma er ke fu lian@f王梓坤著 |
| 210 | @a北京@c科学出版社@d1980 | |
| 215 | @a294页@d21cm | |
| 300 | @a纯粹数学与应用数学专著第5号 | |
| 606 | @a生灭过程 | |
| 606 | @a马尔柯夫链 | |
| 690 | @aO211.62@v3 | |
| 701 | 0 | @a王梓坤@Awang zi kun@4著 |
| 801 | 2 | @aCN@bNLC@c20060727 |
| 801 | 0 | @aCN@b上海图书馆@c20040521 |
| 905 | @dO211.62@e12 | |
| 生灭过程与马尔科夫链/王梓坤著.-北京:科学出版社,1980 |
| 294页;21cm |
| 纯粹数学与应用数学专著第5号 |
| ISBN (精装):CNY2.00 |
| ● |
| 相关链接 |
|
|
|
|
正题名:生灭过程与马尔科夫链
索取号:O211.62/12
 
预约/预借
| 序号 | 登录号 | 条形码 | 馆藏地/架位号 | 状态 | 备注 |
| 1 | 0027265 | 000404431 | 第二样本阅览室/ [索取号:O211.62/12] | 在馆 | |
| 2 | 0442507 | 204425078 | 密集书库/ [索取号:O211.62/12] | 在馆 |